000 00514nam a2200205Ia 4500
008 170918s9999 xx 000 0 und d
020 _a9780590423045
050 _bL665 1989
100 _aLevine, Ellen
245 _aI hate English! /
245 _cby Ellen Levine ; illustrated by Steve Bjorkman.
260 _aNew York :
260 _bScholastic,
260 _c1989
300 _aunpaged :
300 _bcolored illustration ;
300 _c20cm.
440 _aA blue ribbon book.
500 _a390
999 _c342690
_d342690